000 00800nas a2200241 4500
001 BR0705091
003 BR-BrBNA
005 20231205111141.0
007 ta
008 230509b bl.|||p| |||| 00| 00por d
040 _aBR-BrBNA
_bpor
_cBiblioteca Nacional de Agricultura
041 _a(Pt)
072 _aL40
100 1 _aRodrigues, C.A.
100 1 _aBorelli, V.
245 1 _aContribuição ao estudo da irrigação arterial do nó sinoatrial em ovinos (Ovis aries Linnaeus, 1758)
650 _aANATOMIA
650 _aCORAÇÃO
650 _aOVINO
773 0 _tRevista da Faculdade de Medicina Veterinária e Zootecnia da Universidade de São Paulo (Brazil)
_xISSN 0303-7525
_g(1988), v. 25(2) p. 207-217
_wBR0705091
909 _a202311
_bLúcia
_c55
_dLúcia Elande
942 _2AGRIS
_n0
_cANA
999 _c190973
_d190973